|
|
|
|
| LEADER |
01865cas a2200265 a 4500 |
| 001 |
AALejournalIMF008403 |
| 008 |
230101c9999 xx r poo 0 0eng d |
| 020 |
|
|
|c 5.00 USD
|
| 020 |
|
|
|z 9781451843309
|
| 022 |
|
|
|a 1018-5941
|
| 040 |
|
|
|a BD-DhAAL
|c BD-DhAAL
|
| 100 |
1 |
|
|a Tavlas, George.
|
| 245 |
1 |
0 |
|a What Have We Learned About Estimating the Demand for Money? :
|b A Multicountry Evaluation of Some New Approaches /
|c George Tavlas, James Boughton.
|
| 264 |
|
1 |
|a Washington, D.C. :
|b International Monetary Fund,
|c 1991.
|
| 300 |
|
|
|a 1 online resource (38 pages)
|
| 490 |
1 |
|
|a IMF Working Papers
|
| 500 |
|
|
|a <strong>Off-Campus Access:</strong> No User ID or Password Required
|
| 500 |
|
|
|a <strong>On-Campus Access:</strong> No User ID or Password Required
|
| 506 |
|
|
|a Electronic access restricted to authorized BRAC University faculty, staff and students
|
| 520 |
3 |
|
|a This paper provides estimates of the demand for both narrow and broad monetary aggregates for the five largest industrial countries using two recent approaches: buffer stock and error correction models. The performances of these models are compared with several versions of the conventional partial adjustment model. Tests are performed in order to evaluate the parameter stability, post-sample predictive ability, encompassing properties, and economic implications of the models. The results are encouraging with respect to the newer models, as they significantly outperform the traditional approach. It is found that the error correction model is especially promising as a general approach.
|
| 538 |
|
|
|a Mode of access: Internet
|
| 651 |
|
7 |
|a United States
|2 imf
|
| 700 |
1 |
|
|a Boughton, James.
|
| 830 |
|
0 |
|a IMF Working Papers; Working Paper ;
|v No. 1991/016
|
| 856 |
4 |
0 |
|z Full text available on IMF
|u http://elibrary.imf.org/view/journals/001/1991/016/001.1991.issue-016-en.xml
|z IMF e-Library
|